[Event "1st Cyprus Chess Tournament 2019"]
[Site "Larnaca"]
[Date "2019.10.25"]
[Round "1.11"]
[White "Cherkasov, Nikolai"]
[Black "Alsan, Ahmet"]
[Result "1-0"]
[WhiteElo "2338"]
[BlackElo "1447"]
[Annotator "TA"]
[PlyCount "65"]
[EventDate "2019.10.25"]
[EventType "swiss"]
[EventCountry "CYP"]
[SourceTitle "playchess.com"]
[Source "ChessBase"]
[SourceQuality "1"]

{[%evp 9,65,12,14,10,12,9,24,0,0,6,121,-115,-129,-110,-95,-119,-31,-38,37,33,13,22,67,5,20,26,34,-13,0,0,60,47,200,208,157,109,133,91,89,80,244,236,329,195,641,623,621,558,29990,29991,29991,29992,29992,29993,29995,29995,29995,1564]} 1. e4 e6 2. d4 c6 3. f4 (3. e5 Ne7 4. Be2 Nf5 5. c3 Be7 6. g4 Nh6 7. f4 c5 8. Nd2 cxd4 9. cxd4 Qb6 10. Rb1 O-O {½-½ (22) Skatchkov,P (2493)-Kobalia,M (2643) Moscow 2004}) 3... d5 4. e5 c5 5. c3 Nc6 6. Nf3 {C01: French: Exchange Variation} cxd4 7. cxd4 Nge7 8. Nc3 {White has an edge.} Nf5 9. g4 Nfxd4 $146 (9... Nh4 $11 {remains equal.}) ({Predecessor:} 9... Nh4 10. Be3 h5 11. g5 Nxf3+ 12. Qxf3 {½-½ (33) Shahin,W (2137)-Wild,A (2293) Schwaebisch Gmuend 2017}) 10. Be3 $2 (10. Nxd4 $16 {And now Nf3 would win.} Qh4+ 11. Ke2) 10... Nxf3+ $17 11. Qxf3 d4 {Threatens to win with ...Qb6.} 12. O-O-O {[#]} Qb6 (12... Bd7 $1 $17 13. Bxd4 Nxd4 14. Rxd4 Qb6) 13. Bf2 $15 Bb4 ({Better is} 13... Bd7 $15) 14. Ne4 $1 $14 {[%mdl 1024] White has compensation.} Bd7 15. Kb1 Rd8 16. Bh4 (16. h4 $14) 16... Ne7 17. a3 $36 {[%mdl 2048] Black is under pressure.} Bc5 $1 18. Qd3 Bc6 19. Bg2 Bxe4 (19... h5 $11 20. gxh5 Rxh5) 20. Bxe4 a5 $2 ({Black should try} 20... Rc8 $14) 21. f5 $18 Rd7 22. Ka1 Nd5 23. fxe6 fxe6 24. Rhf1 {[#] Strongly threatening Bg6+!} Ne7 $2 (24... Be7 $16 {was necessary.} 25. Bf2 Bc5) 25. Bxh7 ({Less strong is} 25. Qf3 Ng6 $14) 25... Kd8 26. Rc1 (26. Rf7 $142) 26... g6 $2 (26... Kc8 27. Rf7 Kb8 28. Rxg7 Rc8) 27. Rf7 Qc6 28. Qxg6 Bxa3 29. Rxc6 {White mates.} Bxb2+ 30. Kxb2 bxc6 31. Qxe6 d3 32. Rxe7 Rxe7 33. Qxe7+ {Accuracy: White = 44%, Black = 15%.} 1-0

[Event "1st Cyprus Chess Tournament 2019"]
[Site "Larnaca"]
[Date "2019.10.25"]
[Round "1.12"]
[White "Kliashtornyi, Arkadii"]
[Black "Terentiev, Sergei"]
[Result "0-1"]
[WhiteElo "1433"]
[BlackElo "2285"]
[Annotator "TA"]
[PlyCount "74"]
[EventDate "2019.10.25"]
[EventType "swiss"]
[EventCountry "CYP"]
[SourceTitle "playchess.com"]
[Source "ChessBase"]
[SourceQuality "1"]

{[%evp 9,73,19,17,10,18,13,17,-33,-30,-48,-54,-37,-39,-57,-58,-62,-53,-79,-62,-93,-77,-105,-37,-1366,-1367,-1566,-1561,-1572,-1526,-1616,-1587,-1851,-1852,-1850,-1849,-1777,-1759,-1840,-1692,-1726,-1471,-1447,-1717,-1637,-1641,-1855,-1821,-6311,-1437,-2466,-2081,-6203,-6389,-6087,-2587,-29983,-29984,-29975,-29972,-29988,-29988,-29993,-29992,-29998,-29999,-29999]} 1. d4 b5 2. g3 (2. Nf3 Nf6 3. Bg5 Bb7 4. e3 a6 5. Nbd2 e6 6. Bd3 h6 7. Bxf6 gxf6 8. a4 b4 9. c4 f5 10. e4 fxe4 11. Bxe4 Bxe4 12. Nxe4 Bg7 {1-0 (38) Megaranto,S (2512)-Lu,S (2636) Makati 2018}) 2... Bb7 3. Nf3 e6 4. Bg2 c5 5. O-O cxd4 6. Nxd4 {A40: Unusual replies to 1 d4} Bxg2 7. Kxg2 a6 8. f4 $146 {The position is equal.} ({Predecessor:} 8. a4 b4 9. c3 Nf6 10. cxb4 Bxb4 {½-½ (72) Guimaraes,W (2217)-Barreiros da Silva,D (2009) Florianopolis 2018}) 8... Nf6 9. Qd3 d5 10. Nd2 Nbd7 11. c3 Nc5 12. Qf3 Rc8 13. g4 g6 14. g5 Nfe4 15. Nxe4 dxe4 (15... Nxe4 $17 16. Be3 h6) 16. b4 $2 {[%mdl 8192]} (16. Qf2 $15) 16... exf3+ $19 17. exf3 Na4 18. Bd2 Bg7 19. Rae1 O-O 20. h4 Bxd4 21. cxd4 Rc2 22. Rf2 Qxd4 23. Ree2 Rd8 {[#] Threatens to win with ...Qc4.} 24. Be3 Rxe2 25. Bxd4 Rxf2+ 26. Bxf2 Rd2 27. Kf1 Rxa2 28. Ke1 Nc3 29. Bd4 Nd5 {[%mdl 64] [#] Double Attack} 30. Kd1 Nxb4 31. Kc1 Nd5 32. Kb1 Rh2 {Black mates.} 33. Be5 b4 {[%cal Bb5b4,Bb4b3][%mdl 32]} 34. Kc1 b3 35. Bb2 a5 36. Ba3 Nc3 {[%csl Gb3][%cal Rh2c2]} 37. Bb2 Rc2# {Accuracy: White = 22%, Black = 75%.} 0-1

[Event "1st Cyprus Chess Tournament 2019"]
[Site "Larnaca"]
[Date "2019.10.26"]
[Round "2.1"]
[White "Bukhteeva, Viktoria"]
[Black "Sumets, Andrey"]
[Result "0-1"]
[WhiteElo "2110"]
[BlackElo "2570"]
[Annotator "TA"]
[PlyCount "68"]
[EventDate "2019.10.25"]
[EventType "swiss"]
[EventCountry "CYP"]
[SourceTitle "playchess.com"]
[Source "ChessBase"]
[SourceQuality "1"]

{[%evp 9,68,-4,0,-10,-5,-50,-58,-57,-50,-81,-102,-97,-76,-144,-135,-152,-151,-156,-156,-132,-136,-133,-129,-122,-83,-151,-89,-181,-131,-134,-134,-137,-130,-228,-216,-185,-154,-241,-169,-169,-127,-319,-319,-318,-320,-321,-311,-393,-404,-387,-374,-397,-383,-372,-380,-351,-363,-476,-476,-528,-466]} 1. d4 Nf6 2. Bf4 c5 3. e3 Nd5 (3... g6 4. c3 b6 5. Na3 Bb7 6. Nf3 Bg7 7. Nb5 Nd5 8. Be5 Bxe5 9. dxe5 Nc7 10. Na3 Nc6 11. h4 {½-½ (41) Kravtsiv,M (2628)-Saric,I (2681) Konya 2019}) 4. Bxb8 Rxb8 5. dxc5 Qa5+ 6. Qd2 $146 {A45: Trompowsky Attack} ({Predecessor:} 6. c3 Qxc5 7. Nd2 e6 8. Ngf3 a6 9. Be2 Be7 10. O-O O-O 11. Re1 {½-½ (84) Pham,L (2397)-Meenakshi,S (2237) Incheon 2013}) 6... Qxc5 7. e4 Nf6 8. Nc3 {Black is slightly better.} b5 {[%cal Bb7b5,Bb5b4][%mdl 32]} 9. Bd3 b4 10. Nce2 Ng4 11. Ng3 {[#]} (11. Nc1 $142) 11... g6 $1 $17 12. Nf3 {[#]} Bg7 $1 13. O-O Bxb2 14. Rab1 Bc3 15. Qf4 d6 16. Ne2 Bg7 17. h3 ({Better is} 17. c3) 17... Nf6 (17... Ne5 $142 18. Nxe5 Bxe5) 18. e5 (18. c3 $17) 18... Nh5 19. Qc4 Qxc4 20. Bxc4 dxe5 21. Nc3 (21. a3 $17 {might work better.}) 21... O-O 22. Nd5 Rb7 23. Nxb4 (23. Rxb4 $17 e6 24. Rxb7 Bxb7 25. Ne7+ Kh8 26. Rd1) 23... Rc7 $36 {[%mdl 2048] Black is on the roll.} 24. Bb3 Bb7 {White must now prevent ...Nf4.} 25. Ng5 $2 (25. Nd5 $17 Bxd5 26. Bxd5) 25... Nf4 $19 26. f3 Ne2+ 27. Kh2 Nc3 28. Rbe1 a5 {[%cal Ba7a5,Ba5a4][%mdl 32]} 29. Nd3 a4 30. Bxf7+ Rxf7 31. Nxf7 Kxf7 32. Nxe5+ Ke8 33. a3 Nb5 34. Re3 {[#]} Bh6 {Played: Nb5xa3} 0-1

[Event "1st Cyprus Chess Tournament 2019"]
[Site "Larnaca"]
[Date "2019.10.26"]
[Round "2.2"]
[White "Gleizerov, Evgeny"]
[Black "Cherkasova, Marina"]
[Result "1-0"]
[WhiteElo "2512"]
[BlackElo "2094"]
[Annotator "TA"]
[PlyCount "61"]
[EventDate "2019.10.25"]
[EventType "swiss"]
[EventCountry "CYP"]
[SourceTitle "playchess.com"]
[Source "ChessBase"]
[SourceQuality "1"]

{[%evp 14,61,61,0,67,10,67,40,34,39,53,0,7,0,0,4,-8,-15,0,6,27,12,46,52,41,54,76,0,56,16,75,93,156,156,125,130,623,-1110,631,620,2163,830,2085,2054,29977,29978,29995,29996,29996,29997]} 1. d4 Nf6 2. c4 g6 3. Nc3 Bg7 4. e4 d6 5. Nf3 O-O 6. Be2 e5 7. O-O c6 8. Be3 ({White should play} 8. d5 $14) 8... Qe7 {E94: King's Indian: Classical: 6 Be2 e5 7 0-0: Various Black 7th moves} (8... exd4 $1 $11 9. Nxd4 (9. Bxd4 Re8 $11) 9... Re8) 9. Qc2 (9. d5 $14) 9... Bg4 ({Black should try} 9... exd4 $11 10. Nxd4 (10. Bxd4 Nbd7 $11) 10... Ng4) 10. Rad1 Na6 {[%cal Bb8a6,Ba6c7,Bc7e6][%mdl 32] White is slightly better.} 11. Rfe1 Nc7 $146 ({Predecessor:} 11... Nh5 12. Qc1 f5 13. Bg5 Qf7 14. dxe5 dxe5 15. h3 Bxf3 16. Bxf3 f4 {0-1 (52) Shulman,Y (2435)-Kozul,Z (2575) Moscow 1994}) 12. b4 (12. Qb3 $14) 12... Bxf3 13. Bxf3 exd4 14. Bxd4 Ne6 15. Be3 Nd7 16. Be2 Be5 17. Bg4 Qh4 18. h3 h5 19. Bxe6 $1 fxe6 20. Rd3 (20. Rf1 $16) 20... Nf6 (20... a5 $11 21. b5 Nc5) 21. Bd4 Bxd4 (21... Nd7 $1 $11) 22. Rxd4 $16 d5 {[#]} (22... Ne8 $142) 23. g3 $1 {[%cal Rg3h4]} Qxh3 {And now ...Ng4 would win.} 24. exd5 {[%mdl 64] Discovered Attack} Ng4 $4 {[%mdl 8192]} (24... Kg7 $16) 25. Qxg6+ $18 {[%mdl 64] Double Attack} Kh8 {[#] ( -> ...Qh2+)} 26. Rxg4 $1 {[%mdl 512]} Qxg4 27. Qh6+ Kg8 28. Rxe6 Qf5 29. Rg6+ {White mates.} Kf7 30. Rg7+ Ke8 31. Qe3+ {Accuracy: White = 66%, Black = 37%.} 1-0

[Event "1st Cyprus Chess Tournament 2019"]
[Site "Larnaca"]
[Date "2019.10.26"]
[Round "2.3"]
[White "Constantinou, Pavlos"]
[Black "Kotronias, Vasilios"]
[Result "0-1"]
[WhiteElo "2093"]
[BlackElo "2486"]
[Annotator "TA"]
[PlyCount "100"]
[EventDate "2019.10.25"]
[EventType "swiss"]
[EventCountry "CYP"]
[SourceTitle "playchess.com"]
[Source "ChessBase"]
[SourceQuality "1"]

{[%evp 14,100,-8,-20,-3,-43,-35,-60,-60,-85,-86,-121,-121,-111,-106,-124,-130,-154,-121,-121,-126,-114,-118,-130,-125,-117,-128,-122,-123,-125,-111,-189,-176,-201,-138,-205,-104,-93,-95,-127,-112,-123,-65,-65,-72,-219,-218,-219,-219,-219,-209,-229,-171,-164,-164,-164,-168,-423,-424,-421,-421,-399,-380,-862,-861,-822,-780,-661,-572,-1412,-1078,-29978,-29974,-29974,-29975,-29974,-29974,-29976,-29977,-29977,-29978,-29978,-29979,-29979,-29974,-29979,-29975,-29975,-29975]} 1. d4 Nf6 2. Nf3 g6 3. g3 Bg7 4. Bg2 O-O 5. O-O d6 6. b3 e5 7. dxe5 dxe5 8. Bb2 e4 {A49: 1 d4 Nf6 2 Nf3 g6 3 g3: Anti-King's Indian systems} 9. Ng5 (9. Qxd8 Rxd8 10. Nfd2 Bf5 11. Nc4 Nc6 12. Nc3 Nd4 13. Ne3 Ng4 14. Nxg4 Bxg4 15. Bxe4 Nxe2+ 16. Nxe2 Bxb2 17. Rae1 c6 {0-1 (59) Li,C (2746)-Mamedyarov,S (2761) Moscow 2016}) 9... Bf5 10. Nd2 {[%cal Rd2e4]} Nc6 {Black is slightly better.} 11. Nc4 h6 12. Qxd8 $146 ({Predecessor:} 12. Nh3 Qc8 13. Nf4 Rd8 14. Qc1 g5 15. Bxf6 Bxf6 {0-1 (24) Panocki,A (2369)-Korobov,A (2623) Pardubice 2009}) 12... Raxd8 13. Nh3 Nd5 14. Bxg7 Kxg7 15. Nf4 Nxf4 16. gxf4 Nd4 17. e3 Nxc2 18. Rac1 Nb4 19. Na5 b6 20. Nc6 Nxc6 ({Much worse is} 20... Nxa2 $6 21. Rc2 $11) 21. Rxc6 Rd2 22. Rxc7 (22. a4 $17) 22... Rxa2 $19 23. Re7 Be6 24. b4 (24. Bxe4 $17 {was called for.} Rd8 25. b4) 24... Rb2 ({Black should play} 24... Rc8 $19 25. Bxe4 Kf6) 25. Rxa7 Rxb4 26. h4 Rd8 27. Kh2 g5 (27... Rd2 $17 {Hoping for ...Bc4.} 28. Kg3 Bf5) 28. fxg5 $15 hxg5 {Threatens to win with ...Rh8.} 29. hxg5 (29. Bh3 $17 Bxh3 30. Kxh3) 29... Rb5 $1 $19 30. f4 exf3 $1 31. Rxf3 Rxg5 32. Rf2 Rb8 33. Rb7 Rxb7 34. Bxb7 {[%mdl 4096] Endgame KRB-KRB} b5 {[%cal Bb6b5,Bb5b4][%mdl 32]} 35. e4 $2 (35. Rf4 {might work better.}) 35... b4 36. Rb2 Rb5 37. Ba6 Rb6 38. Bd3 $2 (38. Kg3 Rxa6 39. Rxb4) 38... Kf6 $1 {[%cal Rf6e5]} 39. Kg3 {[#]} Ke5 $1 40. Kf3 {[#]} Kd4 $1 {[%cal Rd4d3]} 41. Ke2 b3 42. Bb1 Kc3 {Black mates.} 43. Rd2 Bc4+ 44. Ke3 Rf6 45. Rd1 Rf1 46. Rxf1 Bxf1 47. e5 Bc4 48. Be4 Be6 49. Bd3 Kb2 50. Kd2 Ka1 {Accuracy: White = 39%, Black = 72%.} 0-1

[Event "1st Cyprus Chess Tournament 2019"]
[Site "Larnaca"]
[Date "2019.10.26"]
[Round "2.4"]
[White "Tilicheev, Viacheslav"]
[Black "Borsuk, Angela"]
[Result "1-0"]
[WhiteElo "2478"]
[BlackElo "2090"]
[Annotator "TA"]
[PlyCount "51"]
[EventDate "2019.10.25"]
[EventType "swiss"]
[EventCountry "CYP"]
[SourceTitle "playchess.com"]
[Source "ChessBase"]
[SourceQuality "1"]

{[%evp 9,51,-4,18,25,35,0,87,45,50,50,68,51,54,68,58,63,68,61,107,95,131,119,112,43,30,41,33,19,28,19,70,79,375,375,366,368,343,339,674,672,943,943,889,860]} 1. e4 d6 2. d4 Nf6 3. Nc3 e5 4. Nf3 Nbd7 5. g4 (5. Bc4 Be7 6. O-O O-O 7. a4 c6 8. Re1 h6 9. h3 Re8 10. dxe5 Nxe5 11. Nxe5 dxe5 12. Qf3 Bb4 13. Rd1 Qe7 14. Ne2 Be6 15. Bxe6 Qxe6 16. Ng3 Bc5 17. Be3 Bxe3 18. Qxe3 {½-½ (68) Dominguez Perez,L (2752)-Rapport,R (2739) Hengshui 2019}) 5... h6 6. Rg1 {C41: Philidor Defence} c6 7. h4 g6 (7... exd4 $11 8. Nxd4 (8. Qxd4 Nc5 $11) 8... Nc5) 8. Be3 {White is better.} b5 9. a3 a6 10. g5 hxg5 11. hxg5 Nh5 12. Qd2 Qc7 13. O-O-O Ng7 $146 {[#]} ({Predecessor:} 13... Bb7 14. Bh3 Nb6 15. dxe5 Nc4 16. exd6 Nxd2 17. dxc7 Ng7 18. Bg4 Nxf3 19. Bd7+ {1-0 (19) Hopman,P (2344)-Kasparova,T (2126) Hoogeveen 2012}) 14. Be2 $1 Bb7 15. dxe5 dxe5 16. Qxd7+ (16. Nxe5 $16 Nxe5 17. Bf4) 16... Qxd7 $11 17. Rxd7 Kxd7 18. Nxe5+ {[%mdl 64] [#] Double Attack} Ke8 19. Rd1 (19. Bg4 $5 {[%cal Rg4d7]} Bd6 20. Bd7+ Kf8 21. Nxc6 $14) 19... Ne6 ({Better is} 19... Be7 $1 $11) 20. Bg4 $1 $14 Bc8 $2 {[%mdl 8192]} (20... Rh7 $16) 21. Nxc6 $18 Bg7 22. Nd5 {And now Nc7+! would win.} Bb7 23. Bxe6 {Threatening mate with Nc7+.} fxe6 $2 (23... Bxc6 24. Nc7+ Kf8) 24. Nc7+ {[%mdl 64] Double Attack. White is clearly winning.} Kf7 25. Rd7+ Kg8 26. Ne7+ {[%mdl 64] Double Attack. Accuracy: White = 65%, Black = 31%.} 1-0

[Event "1st Cyprus Chess Tournament 2019"]
[Site "Larnaca"]
[Date "2019.10.26"]
[Round "2.5"]
[White "Grapsa, Georgia"]
[Black "Kazakouski, Valery"]
[Result "0-1"]
[WhiteElo "2026"]
[BlackElo "2474"]
[Annotator "TA"]
[PlyCount "62"]
[EventDate "2019.10.25"]
[EventType "swiss"]
[EventCountry "CYP"]
[SourceTitle "playchess.com"]
[Source "ChessBase"]
[SourceQuality "1"]

{[%evp 9,62,0,21,14,10,14,22,20,20,22,27,20,20,4,10,-12,5,0,11,-3,20,-51,-53,-37,-39,-85,-91,-101,-87,-91,-87,-80,-75,-108,-72,-59,-56,-50,0,0,0,-13,-18,-16,0,-91,-84,-73,-80,-480,-475,-902,-893,-777,-567]} 1. d4 Nf6 2. c4 e6 3. g3 d5 4. Nf3 Bb4+ 5. Bd2 Bd6 (5... Be7 6. Bg2 O-O 7. O-O Nbd7 8. Qc2 c6 9. Rc1 b6 10. cxd5 cxd5 11. Qd1 Bb7 12. a3 a6 13. Bf4 Rc8 14. Nbd2 Rxc1 15. Rxc1 Qa8 16. Ne5 Nxe5 17. Bxe5 {½-½ (41) Mamedyarov,S (2790)-Radjabov,T (2756) Shamkir 2019}) 6. Qc2 {E01: Catalan: Early deviations} O-O 7. Bg2 Ne4 8. O-O {The position is equal.} c6 9. Nc3 Nxd2 10. Nxd2 f5 11. Qd3 $146 ({Predecessor:} 11. e3 Nd7 12. f3 Nf6 {0-1 (34) Juhasz,K (2232)-Brkic,A (2560) Harkany 2009}) 11... Nd7 {[%cal Bb8d7,Bd7f6,Bf6g4,Bg4f2][%mdl 32]} 12. f3 Bc7 13. e3 Nf6 14. Rad1 Kh8 15. e4 (15. f4 $11) 15... dxe4 $1 $15 16. fxe4 e5 17. d5 ({Don't play} 17. exf5 Qxd4+ 18. Qxd4 exd4 $17) 17... Bb6+ 18. Kh1 {[#]} Ng4 $1 19. Nb3 Nf2+ 20. Rxf2 Bxf2 21. Rf1 Bd4 22. exf5 cxd5 23. Nxd5 Bd7 24. Nxd4 exd4 25. g4 Qh4 26. h3 Rae8 27. Kh2 {[#]} (27. Qxd4 $11 {remains equal.} Bc6 28. Qf2 (28. Qxa7 Re2 $15)) 27... Bc6 $1 $17 28. Qxd4 Re2 29. f6 $2 {[%mdl 8192] [#]} (29. b4 $17) 29... Rxf6 $1 $19 {[%mdl 576] Pin. Black is clearly winning.} 30. Kh1 (30. Rf4 $142 Rxf4 31. Qxf4) (30. Nxf6 Rxg2+) 30... Rxf1+ 31. Bxf1 Qf2 {Accuracy: White = 42%, Black = 73%.} 0-1

[Event "1st Cyprus Chess Tournament 2019"]
[Site "Larnaca"]
[Date "2019.10.26"]
[Round "2.6"]
[White "Mirzoev, Azer"]
[Black "Florentiades, Michalis"]
[Result "1-0"]
[WhiteElo "2472"]
[BlackElo "2019"]
[Annotator "TA"]
[PlyCount "97"]
[EventDate "2019.10.25"]
[EventType "swiss"]
[EventCountry "CYP"]
[SourceTitle "playchess.com"]
[Source "ChessBase"]
[SourceQuality "1"]

{[%evp 18,97,-16,-16,-2,-4,0,-6,23,-17,3,13,14,10,8,8,60,51,73,73,81,97,124,98,109,105,188,205,177,197,201,196,189,170,228,233,284,295,378,353,353,354,353,188,188,188,188,188,210,204,227,207,243,237,281,280,273,260,354,385,1068,376,565,367,520,500,578,446,749,739,737,723,690,685,1533,1443,1822,1297,29985,29985,29984,29985]} 1. Nf3 d5 2. c4 c6 3. b3 Nf6 4. Bb2 Bf5 5. g3 e6 6. Bg2 h6 7. O-O Nbd7 8. d3 Be7 9. Nbd2 O-O 10. Qc2 Qc7 {A12: English Opening: 1...c6 with b3 by White} (10... Bh7 11. Rfe1 Re8 12. a3 a5 13. Rac1 Bd6 14. e4 dxe4 15. Nxe4 Nxe4 16. dxe4 Qe7 17. Rcd1 Red8 18. Qc3 e5 19. Rd2 Bxa3 20. Bxa3 Qxa3 {½-½ (51) Radjabov,T (2738)-Riazantsev,A (2646) Berlin 2015}) 11. a3 a5 12. Rac1 Rfc8 $146 {The position is equal.} ({Predecessor:} 12... Rac8 13. Qb1 Qb8 14. Qa1 b5 15. cxb5 cxb5 16. Nd4 Qb6 17. Nxf5 exf5 {1-0 (73) Norman,K (2160)-Stimpson,P (2100) Gatwick 2011}) 13. Rfe1 Bh7 14. cxd5 exd5 15. e4 dxe4 16. dxe4 Nf8 ({Better is} 16... Bf8 $11) 17. Nd4 Rd8 18. Nc4 {[%cal Bd2c4,Bc4e3,Be3g4,Bg4f6][%mdl 32]} N6d7 19. Ne3 Qb8 20. Qc3 Bf6 {[#] Strongly threatening ...Ne6.} 21. Ng4 Ne6 (21... Re8 $16 22. Rcd1 Bg6) 22. Nxf6+ $18 Nxf6 23. Nxe6 fxe6 24. Qc4 Re8 25. Bh3 Qc8 (25... Kh8 {was necessary.} 26. Bxe6 Qc7) 26. Rcd1 Bg6 27. Rd6 Bf7 28. Bxf6 gxf6 29. e5 f5 30. Red1 (30. Qf4 $142) 30... Re7 31. R1d4 Qf8 32. Bg2 Rc7 33. h4 Qe7 34. Kh2 h5 35. Bf3 Kg7 36. Kg2 Rb8 37. Qe2 Qe8 38. Qd2 Re7 $2 (38... Bg6 39. Rd7+ Rxd7 40. Rxd7+ Kg8) 39. Qxa5 $2 (39. Rd8) 39... Qh8 (39... Bg6 {was called for.} 40. a4 Qf7) 40. Qc5 Rbe8 (40... Qf8 {might work better.} 41. Qc1 Kh7) 41. a4 Kh7 42. b4 b6 (42... Qg7 $142 43. a5 Bg6) 43. Qxc6 Qxe5 44. Qxb6 Qg7 45. Rc4 e5 46. Rcc6 e4 {[#]} 47. Bxh5 $1 {[%mdl 512]} f4 (47... Bxh5 48. Rh6+) 48. Rh6+ Kg8 49. Bxf7+ {Accuracy: White = 75%, Black = 12%.} 1-0

[Event "1st Cyprus Chess Tournament 2019"]
[Site "Larnaca"]
[Date "2019.10.26"]
[Round "2.7"]
[White "Stefanidi, Maria-Anna"]
[Black "Ulybin, Mikhail"]
[Result "0-1"]
[WhiteElo "2012"]
[BlackElo "2455"]
[Annotator "TA"]
[PlyCount "86"]
[EventDate "2019.10.25"]
[EventType "swiss"]
[EventCountry "CYP"]
[SourceTitle "playchess.com"]
[Source "ChessBase"]
[SourceQuality "1"]

{[%evp 12,102,11,-10,-11,-29,-19,-30,0,-17,2,-1,10,21,12,7,17,-13,0,-30,-26,-35,-47,-32,-22,-60,-64,-97,-91,-89,0,0,0,0,0,0,0,0,0,0,0,0,0,-107,-107,-107,-107,-107,-107,-106,-104,-96,-96,-228,-232,-231,-194,-203,-192,-199,-191,-206,-202,-202,-200,-191,-179,-243,-242,-490,-503,-464,-427,-482,-462,-616,-606,-485,-298,-507,-436,-414,0,0,0,-414,-398,-1530,-1514,-29978,-29979,-29974,-12381]} 1. e4 c5 2. Nf3 e6 3. d4 cxd4 4. Nxd4 a6 5. c4 Nf6 6. Bd3 Nc6 7. Nc2 b5 {B41: Sicilian: Kan Variation: 5 c4} 8. Nc3 $146 ({Predecessor:} 8. cxb5 axb5 9. O-O b4 10. f4 Bc5+ 11. Kh1 h5 12. Be3 Be7 13. e5 Ng4 14. Nd2 Bb7 15. Ne4 {0-1 (46) Lobanov,S (2526)-Damljanovic,B (2495) Skopje 2018}) 8... bxc4 9. Bxc4 Bb7 {Black has an edge.} 10. O-O Be7 11. Qe2 d6 12. Bb3 O-O 13. Rd1 Qc7 14. Bg5 h6 15. Bh4 Na5 16. Bg3 Nxb3 17. axb3 Rfd8 18. b4 Rac8 19. Na3 Qb6 20. b5 Rxc3 (20... d5 $17 21. exd5 axb5) 21. bxc3 $11 Nxe4 22. bxa6 Qxa6 23. Qxa6 Bxa6 24. Nb1 Be2 25. Re1 Bd3 $36 {[%mdl 2048] Black has some pressure.} 26. Re3 Nc5 27. Na3 (27. Re1 $11) 27... Bg5 $17 28. f4 Bf6 29. Rd1 Ra8 30. Rexd3 Nxd3 31. Rxd3 Rxa3 {[%mdl 4096] Endgame KRB-KRB} 32. Be1 (32. Rxd6 $17 {was the only defense.} Rxc3 33. Kf2) 32... d5 $19 33. Rf3 g6 34. Kf2 Ra2+ 35. Kf1 Rc2 36. Rd3 h5 37. Bd2 Kf8 38. Ke2 Ke7 39. g3 (39. Rf3 $142) 39... Kd6 40. h3 $2 (40. Rf3) 40... Kc5 41. Kd1 Ra2 42. g4 Kc4 43. Rf3 h4 {Played: Ra2-a3} 0-1

[Event "1st Cyprus Chess Tournament 2019"]
[Site "Larnaca"]
[Date "2019.10.26"]
[Round "2.8"]
[White "Arkell, Keith C"]
[Black "Dermatopoulos, Konstantinos"]
[Result "1-0"]
[WhiteElo "2447"]
[BlackElo "1992"]
[Annotator "TA"]
[PlyCount "89"]
[EventDate "2019.10.25"]
[EventType "swiss"]
[EventCountry "CYP"]
[SourceTitle "playchess.com"]
[Source "ChessBase"]
[SourceQuality "1"]

{[%evp 18,119,12,10,28,28,17,22,38,42,26,37,90,37,97,88,85,71,88,82,139,143,156,175,171,166,165,169,210,192,193,210,188,200,189,175,181,122,116,79,88,83,82,77,73,70,105,112,126,117,102,102,119,119,119,124,150,153,160,123,186,133,133,133,141,122,122,95,164,143,534,589,1202,1789,2226,2433,2385,2316,2274,2267,2060,1639,5652,2227,6653,6429,29971,29972,29980,29981,29980,29981,29982,29983,29985,29985,29985,29986,29986,29987,29987,29988,29987,29988]} 1. d4 d5 2. Nf3 Nf6 3. c4 e6 4. cxd5 exd5 5. Nc3 Bb4 6. Qa4+ Nc6 7. Bg5 h6 8. Bxf6 Qxf6 9. e3 O-O 10. Be2 a6 {D38: Queen's Gambit Declined: Ragozin Defence (4 Nf3 Bb4)} 11. a3 (11. O-O Be6 12. Rac1 Bd6 13. Qb3 Ne7 14. a3 g6 15. Qc2 Rac8 16. b4 Nf5 17. Rfd1 c6 18. e4 dxe4 19. Nxe4 Qe7 20. Re1 Rfd8 21. Bc4 Bxc4 22. Qxc4 Bf4 23. Rcd1 Nd6 {½-½ (23) Dreev,A (2670)-Giri,A (2783) St Petersburg 2018}) 11... Bxc3+ $1 12. bxc3 b5 {The position is equal.} 13. Qb3 Qd6 14. a4 b4 $146 (14... Bf5 $14) ({Predecessor:} 14... Bf5 15. axb5 axb5 16. O-O b4 17. cxb4 Nxb4 18. Ne5 Rxa1 19. Rxa1 {0-1 (39) Xiao,Y (2290)-Guo,Q (2413) Xinghua 2017}) 15. cxb4 (15. a5 $16) 15... Qxb4+ ({Black should play} 15... Nxb4 $14 16. O-O Bf5) 16. Qxb4 $16 Nxb4 17. Rc1 Bd7 18. a5 Bb5 (18... Rfc8 $142) 19. Kd2 Rfc8 20. Rc5 Bxe2 21. Kxe2 Rab8 22. Rhc1 Rb7 {[#]} 23. Ne5 $1 f6 24. Nc6 Nxc6 25. Rxc6 $18 {[%mdl 4096] Endgame KRR-KRR} Rb2+ 26. Kf3 Ra2 27. R6c5 ({Don't take} 27. Rxc7 Rxc7 28. Rxc7 Rxa5 $16) ({Better is} 27. Rxa6 $18 {aiming for Ra7.} Rb8 28. Rac6 (28. Rxc7 Rbb2 $16)) 27... Rb8 $16 28. Rxd5 {g4 is the strong threat.} Rbb2 29. Rf1 Rc2 30. h4 c6 31. Rd8+ Kf7 32. Rd7+ Kg8 33. g4 Rxa5 34. Ke4 h5 {[#]} 35. gxh5 $1 Rxh5 36. Rg1 Rxf2 37. Rgxg7+ Kh8 38. Rgf7 {[%cal Rf7f8]} Rxh4+ 39. Kd3 {[%cal Rf7f8]} Rg4 40. Rc7 f5 41. Rc8+ Rg8 42. Rxc6 {[%cal Rc6h6]} Re8 (42... Rg7 $16 {was called for.} 43. Rf8+ Rg8) 43. d5 $18 {Hoping for d6.} Rf3 $2 {[%mdl 8192]} (43... Kg8 $16 44. Rcc7 Rd8) 44. Re6 {[%cal Re6e8]} Kg8 45. Rff6 {Played: Rf7xf5} 1-0